000 01189nac a2200313 i 4500
003 EG-GICUC
005 20260121101208.0
008 251111b1999 enk||||fr|||| 00| 0 eng d
040 _a EG-GICUC
_beng
_c EG-GICUC
_d EG-GICUC
_erda
082 0 4 _221
_a345.25
092 0 4 _221
099 _aLaw 07 1999
245 0 0 _aCompulsory competitive tendering :
_bLaw and practice.
264 _aLondon :
_bSweet & Maxwell,
_c1999.
300 _avarious paging (loose-leafe) ;
_c26 cm.
_bإيضاحيات، صور، مثيليات ؛
336 _2rda content
_atext
337 _2rda media
_aComputer
338 _2rda carrier
_aOnline Resource
500 _aIncludes index.
500 _arelease No. 18 published November 1999 Updating to looseleafe to may 1999
504 _a. 240-220 ببليوجرافيا: صفحات.
650 1 0 _aGovernment purchasing
_xLaw and legislation
_zGreat Britain
_2qrmak
650 1 0 _aCompulsory competitive tendering
_xLaw and legislation
_zGreat Britain
_2qrmak
650 1 0 _aPublic conttracts
_zGreat Britain
_2qrmak
651 1 _2qrmak
856 4 0 _uhttps://fll.law.cu.edu.eg/fulltext/bks/ENGB07-00060.pdf
905 _a10
942 _2ddc
_cBK
_e21
_n0
999 _c42438
_d42438